Quizzes
Events
Quiz Creation
Community
Videos
Private Events
Remove Ads
Sign In
Join for FREE
Feedback
Dark Mode
Quiz Categories
Sports
Geography
Music
Movies
Television
Just For Fun
Miscellaneous
History
Literature
Language
Science
Gaming
Entertainment
Religion
Holiday
For Kids
Quiz Lab
Recent
Popular Today
Quiz Kudos Today
Editor Picks
Curator Picks
Quizzes by...
Day
Popularity
Type
Ratings
Length
Year
Community
Subscriptions
Recent Discussions
Orange Saloon
Badges
Playlists
Quests
Create
Leaderboards
Showdown
Live 5
Trivia Bingo
Activity
Puzzle Library
Sporcle Events
Private Events
Virtual Trivia
Globe League
Become a Host
Pub Owners
SporcleCon
Opinionation
Our Games
Videos
Blog
Mobile Apps
Partnerships
Remove Ads and Go Orange
Feedback
History
US Presidents
World Leaders
Politics
Nation
Discovery
War
Decade
Year
Century
Biography
Art
History
US Presidents
World Leaders
Politics
Nation
Discovery
War
Decade
Year
Century
Biography
Art
Random Quiz
Search Sporcle
×
Quiz Lab
Quiz Lab
History
Decade
Type in answers that appear in a list
Type in answers that appear in a list
Classic
Best Score? Go Orange.
Decades of Events Stats
Can you name the decade these events took place?
By
OriYoungblood
15m
100 Questions
49 Plays
49 Plays
49 Plays
Comments
Comments
Give Quiz Kudos
Give Quiz Kudos
-
- Ratings
hide this ad
More Info
Forced Order
Answers have to be entered in order
Answers have to be entered in order
Random Order
Randomize order of answers
Randomize order of answers
Replay
Link that replays current quiz
Next Quiz
Link to next quiz in quiz playlist
You Got
0%
They Got
Avg Score
70%
Avg Friend Score
Upgrade to see
Score Distribution
Jump to the score distribution portion of the page
Score
0/100
Timer
15:00
0
Plays Today
Event
Decade
% Correct
Peace Corps
6
79.6%
Iran-
Contra Affair
8
79.6%
Nuremburg Trials
4
79.6%
Kamikaze
4
79.6%
Lee Harvey Oswald
6
79.6%
Interstate Highway Act
5
79.6%
Cuban Missle Crisis
6
79.6%
Rosa Parks
5
77.6%
Tet Offensive
6
77.6%
War on Poverty
6
77.6%
Berlin Wall Fell
8
77.6%
Black Panthers
6
77.6%
MLK March on Washington
6
77.6%
The Feminine Mystique
6
75.5%
Tiannanmen Square
8
75.5%
Camp David Accords
7
75.5%
Bay of Pigs
6
75.5%
NASA Created
5
75.5%
New Deal
3
75.5%
United Nations
4
75.5%
Hiroshima
4
75.5%
Inchon
5
75.5%
Stock Market Crash
2
75.5%
Marshall Plan begins
4
75.5%
Brown v. Board of Education
5
75.5%
Little Rock Nine
5
75.5%
Flappers
2
73.5%
Bull Moose Party
1
73.5%
Sputnik
5
73.5%
Lusitania
1
73.5%
Six Day War
6
73.5%
McCarthyism
5
73.5%
Malcolm X
6
73.5%
Dien Bien Phu
5
73.5%
Event
Decade
% Correct
Oil Embargo/
Energy Crisis
7
73.5%
Battle of Midway
4
73.5%
Treaty of Versailles
1
73.5%
Yalta Conference
4
73.5%
Bolshevik Revolution
1
73.5%
Social Security Act
3
73.5%
19th Amendment Passed
2
73.5%
Leapfrogging/
Island Hopping
4
73.5%
Oval Office Tapes
7
73.5%
Rome-
Berlin Axis
3
73.5%
Israel Established
4
73.5%
Prohibition
2
73.5%
Panama Canal Opens
1
73.5%
'Silent Cal' Coolidge
2
71.4%
New Frontier
6
71.4%
Charles Lindbergh
2
71.4%
Freedom Riders
6
71.4%
Lend-
Lease Act
4
71.4%
Bikini Atoll
5
71.4%
Neutrality Acts
3
71.4%
Great Society
6
71.4%
Berlin Airlift
4
71.4%
Fourteen Points
1
69.4%
Solidarity
8
69.4%
Teapot Dome Scandal
2
69.4%
Gulf of Tonkin Resolution
6
69.4%
Phony War
4
69.4%
Speakeasies
2
69.4%
Rosenbergs
5
69.4%
League of Nations Formed
1
69.4%
Detente
7
69.4%
17th Parallel
5
67.3%
DMZ
5
67.3%
21st Amendment Passed
3
67.3%
Event
Decade
% Correct
Medicare
6
67.3%
Sunbelt
5
67.3%
U2 Incedent
6
67.3%
Okies
3
67.3%
War Powers Act
7
67.3%
38th Parallel
4
67.3%
Agricultural Adjustment Act
3
67.3%
Atlantic Charter
4
65.3%
TVA
3
65.3%
Strategic Defense Initiative
8
65.3%
War Production Board
4
65.3%
Operation Rolling Thunder
6
65.3%
Scopes Trail
2
65.3%
Central Powers
1
65.3%
Bonus Army
3
63.3%
Silent Majority
7
63.3%
Braceros Program
4
63.3%
Moral Majority
7
63.3%
Abraham Lincoln Brigade
3
63.3%
Flexible Response
6
63.3%
CIO
3
61.2%
Operation Wetback
5
61.2%
SCLC
5
61.2%
Hundred Days Congress
3
61.2%
Court Packing Plan
3
61.2%
Share our Wealth
3
61.2%
Saturday Night Massacre
7
61.2%
New Right
8
57.1%
SNCC
6
57.1%
Baby Boom
4 and 5
46.9%
Iran Hostage Crisis
7 and 8
46.9%
America First Committee
3 and 4
40.8%
Quiz Playlist
Details
Report
Send in Message
Add To Playlist
More Info:
Enter the decade number for each of these events. 1 includes 1900-1919
Classic:
Type in answers that appear in a list
Forced Order:
Answers have to be entered in order
Random Order:
Randomize order of answers
Last Updated: Feb 16, 2017
Quiz Scoreboard
CHALLENGE
Sign Up to Join the Scoreboard
Show All
Scores
Hide
Comments
May contain spoilers
Recently Published
Street Fighter Characters
by Artimus82
Gaming
60s
9x9 Crossword: Cartoon Network
by jackfrog10
Miscellaneous
3m
College Basketball Coaching Resumes
by pancakes188
Sports
9m
More to Explore
Quiz From the Vault
Featured Blog Post
Where Did the Easter Bunny Come From?
hide this ad
You Might Also Like...
Tags
Decade Quiz
date
Event
Today's Top Quizzes in History
Browse History
hide this ad
Today's Top Quizzes in Decade
Browse Decade
Top Contributed Quizzes in History
1
Popular People in 1991
2
Popular People in 1981
3
Popular People in 1951
4
Popular People in 1941
5
Popular People in 1986
6
Popular People in 1976
7
Popular People in 1921
8
5-to-1: 20th Century Images of War
9
I Am Born On March 28th
10
Popular People in 1946
Explore More
Trending Topics
Disney
Kpop
Crossword
Anime
Harry Potter
NBA
Marvel
The Office
NFL
WWE
Song
Pokémon
Puzzle
Soccer
Country
hide this ad
More By:
OriYoungblood
Quiz
Plays
Rating
Category
Featured
Created
Decades of Events
49
5.00
History
May 23, 2011
Go to Creator's Profile
Score Distribution
Quiz Creator Spotlight
OriYoungblood
Follow
Send a Message
Quizzes Created
-
Created Quiz Play Count
-
More By This Creator
Popular Quizzes Today
1
Find the US States - No Outlines Minefield
2
Find the Countries of Europe - No Outlines Minefield
3
The Countries of the World
4
Find the US States
5
Risky Map Clicking: Biggest States A-Z
6
US States
7
Popular People in 1961
8
Movies - When Are They Set?
More History Quizzes
Who Am I? Famous People XXIV
Published
Trending Quizzes
Risky Map Clicking: Least Populous States A-Z
1-10 Letter G Words
Risky Map Clicking: Next State Alphabetically
Adjectives in 80s TV Shows
The Seven Year Switch: Catherine
Recently Updated
Leaping Animals
pecheneg
Reality TV Shows (A-Z)
bhenderson79
Rickey Henderson's Hall of Fame Teammates
pecheneg
Champions League XIs: Arsenal
pecheneg
Quick Pick: Celebrities in WWE's Hall of Fame
aduchscher
A-Z Keypad Blitz II
pecheneg
Multiple Oscar Actors
pecheneg
Mystery Phrase Blitz: Oscar 'Best Actors'
pecheneg
F. Scott Fitzgerald Novels
LTH
Pick 3 Villains
ddd62291
Trending Topics
Kpop
Anime
Crossword
Marvel
Disney
Harry Potter
NBA
WWE
NFL
Pokémon
Song
Soccer
Country
Puzzle
The Office
Your Account Isn't Verified!
In order to create a playlist on Sporcle, you need to verify the email address you used during registration. Go to your
Sporcle Settings
to finish the process.
Report this User
Report this user for behavior that violates our
Community Guidelines
.
Details:
Send Report
Go to the Sporcle.com Mobile Site →
Comments